Conan Gray - Wishbone Deluxe - Statistics

General Stats
  • This quiz has been taken 84 times
  • The average score is 16 of 17
Answer Stats
# Song % Correct
18 The Best
98%
2 This Song
97%
1 Actor
95%
3 Vodka Cranberry
95%
13 Care
94%
4 Romeo
94%
8 Caramel
92%
16 Door
92%
10 Sunset Tower
92%
9 Connell
91%
12 Eleven Eleven
91%
6 Class Clown
89%
17 Moths
89%
7 Nauseous
89%
15 House That Always Rains
88%
5 My World
88%
14 Do I Dare
83%
No matching quizzes found
Score Distribution
Percent of People with Each Score
Percentile by Number Answered
Your Score History
You have not taken this quiz